Movies Quiz

Random Movies or Clickable Quiz
Score 0/16 Timer 05:00
0 Plays Today
% Correct
'Cause it was chicken, get it?
79.6%
No, no, no! For the grouch anthem, you stay sitting down!
77%
My friend Oscar always calls me a big turkey!
74.3%
Your nose, Bert!
73.5%
What about counterfeiting, extortion, impersonating a dentist and stealing an apple from a kid?
71.7%
Tastes delicious, me so hungry.
70.8%
So sit back, relax and have a rotten time!
67.3%
Sure you will. You just gotta keep going. Pick up your feet and follow your beak.
63.7%
% Correct
Big Bird, you have my permission! Just this once. Now, COME ON!
62.8%
Is it that late already?
62.8%
No, let's go find Big Bird!
57.5%
I've watched his stuff all week, and nothing has moved.
56.6%
And the next time some goody two shoes smiles and tells you to have a nice day, you just remember don't let the sunshine spoil your rain, just stand up and complain!
54.9%
Something is wrong with everything, except the way I sing!
38.1%
What are you, a wacko?
31%
Ah, an angry face in a beautiful place- Heaven!
28.3%
Remove Ads.
Support Sporcle.
Get the best of Sporcle when you Go Orange. This ad-free experience offers more features, more stats, and more fun while also helping to support Sporcle. Thank you for becoming a member.

You're not logged in!

Compare scores with friends on all Sporcle quizzes.
OR
Log In

Show Comments

Extras

Top Quizzes Today


Score Distribution

Your Account Isn't Verified!

In order to create a playlist on Sporcle, you need to verify the email address you used during registration. Go to your Sporcle Settings to finish the process.

Report this User

Report this user for behavior that violates our Community Guidelines.

Details: